Socratic physics (Record no. 13387)

MARC details
000 -LEADER
fixed length control field 00602nam a2200193Ia 4500
003 - CONTROL NUMBER IDENTIFIER
control field IN-BaIIA
008 - FIXED-LENGTH DATA ELEMENTS--GENERAL INFORMATION
fixed length control field 211028s9999 xx 000 0 eng d
020 ## - INTERNATIONAL STANDARD BOOK NUMBER
International Standard Book Number 978-0-534-36581-3
040 ## - CATALOGING SOURCE
Transcribing agency IIA Library
080 ## - UNIVERSAL DECIMAL CLASSIFICATION NUMBER
Universal Decimal Classification number 531
Item number MAT
100 ## - MAIN ENTRY--PERSONAL NAME
Personal name Mathew, George
9 (RLIN) 23481
245 #0 - TITLE STATEMENT
Title Socratic physics
Remainder of title vol. I, a workbook approach to concepts of mechanics
Statement of responsibility, etc. George Mathew and N. N. Mathew
260 ## - PUBLICATION, DISTRIBUTION, ETC.
Place of publication, distribution, etc. USA
Name of publisher, distributor, etc. Brooks-Cole
Date of publication, distribution, etc. 1999
300 ## - PHYSICAL DESCRIPTION
Extent [various pagings.]
650 ## - SUBJECT ADDED ENTRY--TOPICAL TERM
Topical term or geographic name entry element Mechanics
650 ## - SUBJECT ADDED ENTRY--TOPICAL TERM
Topical term or geographic name entry element Motion
9 (RLIN) 5613
700 ## - ADDED ENTRY--PERSONAL NAME
Personal name Mathew, N. N
9 (RLIN) 23482
942 ## - ADDED ENTRY ELEMENTS (KOHA)
Koha item type Books
Holdings
Withdrawn status Lost status Damaged status Not for loan Home library Current library Shelving location Date acquired Total Checkouts Full call number Barcode Date last seen Price effective from Koha item type
        IIA Library-Bangalore IIA Library-Bangalore General Stacks     531/ MAT 14306 05/11/2021   Books

Powered by Koha